Normal view
MARC view
- Organic compounds.
Entry Topical Term
001 - CONTROL NUMBER
- control field: 1263
003 - CONTROL NUMBER IDENTIFIER
- control field: NUST
005 - DATE AND TIME OF LATEST TRANSACTION
- control field: 20170522114839.0
008 - FIXED-LENGTH DATA ELEMENTS
- fixed length control field: 170522|| aca||aabn | a|a d
040 ## - CATALOGING SOURCE
- Original cataloging agency: NUST
- Transcribing agency: NUST
150 ## - HEADING--TOPICAL TERM
- Topical term or geographic name entry element: Organic compounds.
670 ## - SOURCE DATA FOUND
- Source citation: Work cat.: (NUST)0: Eliel, Ernest Ludwig, 1921- 1261, Stereochemistry of organic compounds /, c1994.
